Statystyki dla Najmłodsi zwycięzcy wyścigu Formuły 1

Kliknij tutaj aby rozwiązać quiz!

Ogólne statystyki

  • Ten quiz został rozwiązany 365 razy
  • Średni wynik to 7 z 10

Statystyki odpowiedzi

narodowośćwiekkierowca% Poprawnych
Holandia18 lat 228 dniMax Verstappen
98%
Polska23 lata 184 dniRobert Kubica
98%
Niemcy21 lat 73 dniSebastian Vettel
97%
Hiszpania22 lata 26 dniFernando Alonso
96%
Monako21 lat 320 dniCharles Leclerc
95%
Wielka Brytania22 lata 154 dniLewis Hamilton
95%
Finlandia23 lata 157 dniKimi Räikkönen
88%
Nowa Zelandia22 lata 104 dniBruce McLaren
22%
Belgia23 lata 188 dniJacky Ickx
16%
Stany Zjednoczone22 lata 80 dniTroy Ruttman
3%

Rozkład punktacji

Percentyl według liczby udzielonych odpowiedzi

Procent ludzi z każdym wynikiem

Twoja historia wyników

Nie rozwiązałeś tego quizu